| 000 | 00874cam a2200277 a 4500 | ||
|---|---|---|---|
| 005 | 20260322212038.0 | ||
| 008 | data | ||
| 010 | _a 2006028729 | ||
| 020 | _a0763732311 | ||
| 020 | _a9780763732318 | ||
| 020 | _a9780763764883 (electronic) | ||
| 040 |
_aDLC _cDLC _dDLC _dBAKER _dYDXCP _dDLC |
||
| 050 | 0 | 0 |
_aRC516 _b.A37 2007 |
| 082 | 0 | 0 |
_a616.89/5 _222 |
| 092 | _a616.89 A37 2007 | ||
| 100 | 1 | _aAlbrecht, Ava T. | |
| 245 | 1 | 0 |
_a100 questions and answers about bipolar (manic-depressive) disorder / _cAva T. Albrecht & Charles Herrick. |
| 246 | 3 | _aOne hundred questions and answers about bipolar (manic depressive) disorder | |
| 250 | _a1st | ||
| 260 |
_aSudbury, Mass. : _bJones and Bartlett, _cc2007. |
||
| 300 |
_ax, 256 p. ; _c23 cm. |
||
| 500 | _aIncludes index. | ||
| 650 | 0 |
_aManic-depressive illness _vPopular works. |
|
| 700 | 1 | _aHerrick, Charles. | |
| 001 | data | ||
| 999 |
_c887 _d887 |
||